PIC microcontroller : (Record no. 42056)

MARC details
000 -LEADER
fixed length control field 00746nam a22001937a 4500
005 - DATE AND TIME OF LATEST TRANSACTION
control field 2010081608438.0
010 ## - LCCN (DPL NO)
LC control number ENG-100548
020 ## - INTERNATIONAL STANDARD BOOK NUMBER
International Standard Book Number 9380528113
Terms of availability 50.00
035 ## - SYSTEM CONTROL NUMBER
System control number EN-84081
037 ## - SOURCE OF ACQUISITION
Source of stock number/acquisition DBAD/PUB
082 ## - DEWEY DECIMAL CLASSIFICATION NUMBER
Classification number 629.89
100 ## - MAIN ENTRY--PERSONAL NAME
Personal name Nandhagopal, N.
245 ## - TITLE STATEMENT
Title PIC microcontroller :
Remainder of title global positioning system design /
Statement of responsibility, etc by N. Nandhagopal
260 ## - PUBLICATION, DISTRIBUTION, ETC. (IMPRINT)
Place of publication, distribution, etc Salem
Name of publisher, distributor, etc M. S. K. Publications
Date of publication, distribution, etc 2009
270 ## - ADDRESS
Address 2/189-E, Athanoor Amman Kovil Street, Masinagan Patti - POst Ayyothiya Pattinam
City Salem
Postal code 636103
300 ## - PHYSICAL DESCRIPTION
Extent 100p.
Dimensions 20cm (pbk)
942 ## - ADDED ENTRY ELEMENTS (KOHA)
Source of classification or shelving scheme Dewey Decimal Classification
Item type English Books
Classification part 629.89
Call number suffix NAN
Holdings
Withdrawn status Lost status Not for loan Collection code Home library Current library Date acquired Source of acquisition Cost, normal purchase price Full call number Barcode Copy number Cost, replacement price Koha item type
    Not For Loan Non-fiction D.B.Act.Division D.B.Act.Division 16/08/2010 DBAD/PUB 50.00 629.89 NAN EN-84081 1 50.00 English Books

© Delhi Public Library
Hit Counter
free hit counter